That's What 'N' Said Quiz Stats

 Plays Quiz Updated Dec 2, 2017

Challenge
Share
Tweet
Embed
Score 0/18 Timer 09:00
6 Plays Today
% Correct
More to be feared than a thousand bayonets.
92.7%
We would have achieved substantially more than we actually did.
91.7%
For the political life which lay ahead of us.
91.6%
And refusing to hear her pleas for release?
91.4%
Because of what I did when I was 14.
90.2%
There was no such thing as African culture.
89.7%
Is a deserter who abandons the laws of national continuity.
89.5%
He is using seventeen of my patents.
89%
Because we were at war with the Soviet Union.
88.8%
% Correct
Or in making experiments in casting different things in moulds made of earth.
88.8%
Nearly induced me to abandon utterly the work I had begun.
87.2%
Just an atom's way of looking at itself.
85.9%
Than there is concerning the other side.
85.6%
The contradictions between our systems will simply melt away?
85.1%
When they undertake any controversial action.
84.3%
They are only postponed to someone else's advantage.
82.2%
And still there are things worth fighting for.
79%
Whose destruction would ruin the possibility of peace and security for the peoples of the earth.
78.4%

You're not logged in!

Compare scores with friends on all Sporcle quizzes.
OR
Log In

You Might Also Like...

Show Comments

Extras

Top Quizzes Today


Score Distribution

Your Account Isn't Verified!

In order to create a playlist on Sporcle, you need to verify the email address you used during registration. Go to your Sporcle Settings to finish the process.

Report this User

Report this user for behavior that violates our Community Guidelines.

Details: